Análisis, cálculo y diseño de las bóvedas de cáscara
| Main Author: | |
|---|---|
| Format: | Section = Libro |
| Language: | Undetermined Spanish |
| Published: |
México
Continental
1968
|
| Subjects: |
| LEADER | 00530nam a2200181Ia 4500 | ||
|---|---|---|---|
| 008 | 240829s9999 xx 000 0 und d | ||
| 040 | |a BIBLIOTECA-RUPAP 690.143 O.52 | ||
| 041 | |a spa | ||
| 082 | |a 690.143 O.52 | ||
| 100 | 1 | |a Olvera López, Alfonso | |
| 245 | 1 | 0 | |a Análisis, cálculo y diseño de las bóvedas de cáscara |
| 260 | |a México |b Continental |c 1968 | ||
| 300 | |a 318 p. :il. | ||
| 650 | 7 | |a BOVEDAS - ANALISIS | |
| 650 | 7 | |b BOVEDAS - DISEÑO Y CONSTRUCCION. I. Tít. | |
| 942 | |c BK |2 ddc | ||
| 991 | |a TEXTO | ||
| 999 | |c 10248 | ||